000 00469nam a2200193Ia 4500
003 OSt
005 20230330154158.0
008 210423s2005 xx 000 0 und d
040 _cAL
041 _aeng
082 _a658.404 DESV
_223
100 _aDESAI (Vasant) .
_980393
245 _aProject management.
260 _aMumbai
_bHimalaya Publishing House
_c2005
300 _axx,591
365 _b240
_cINR
906 _amanagement. ; Project
942 _2ddc
_cBK
999 _c155202
_d155202